000 01337pam a2200301 a 4500
001 4924715
003 NUST-PNEC
005 20170116180739.0
008 950413s1996 nyua b 001 0 eng
010 _a 95016922
020 _a0070066183 (acidfree paper)
020 _a0071140646
040 _aDLC
_cPNEC
_dDLC
050 0 0 _aQA76.87
_b.B68 1996
082 0 0 _a006.3 BOS
_220
100 1 _aBose, N. K.
_q(Nirmal K.),
_d1940-
245 1 0 _aNeural network fundamentals with graphs, algorithms, and applications /
_cN.K. Bose, P. Liang.
260 _aNew York :
_bMcGraw-Hill,
_cc1996.
300 _axxxiii, 478 p. :
_bill. ;
_c25 cm.
440 0 _aMcGraw-Hill series in electrical and computer engineering.
_pPNECCommunications and signal processing
504 _aIncludes bibliographical references (p. 447-462) and index.
650 0 _aNeural networks (Computer science)
_xComputer, MIS
700 1 _aLiang, Ping,
_d1958-
856 _uhttp://www.amazon.com/Fundamentals-Algorithms-Applications-McGraw-Hill-International/dp/0071140646/ref=sr_1_1?s=books&ie=UTF8&qid=1418147421&sr=1-1&keywords=0071140646
906 _a7
_bcbc
_corignew
_d1
_eocip
_f19
_gy-gencatlg
942 _2ddc
_cBK
999 _c62092
_d62092